Statistiques concernant Tous les pokémon de Takim

Cliquez ici pour prendre le quiz!

Statistiques générales

  • Ce quiz a été pris 7 fois
  • Le résultat moyen est 4 sur 5

Statistiques - réponses

HintRéponse% Correct
EmeraudeLaggron
100%
Drattak
83%
Latias
83%
Dracaufeu
67%
Métalosse
67%

Distribution des résultats

Percentile par nombre de réponses

% des personnes avec chaque résultat

Votre développement - résultats

Vous n’avez pas pris ce quiz